[Event "1st 4NCL Spring Bank Holiday Congress"]
[Site "Basingstoke"]
[Date "2018.05.26"]
[Round "3"]
[Board "15"]
[White "Chapman, Matt"]
[Black "Jamroz, Krzysztof"]
[Result "1/2-1/2"]
[WhiteElo "2087"]
[BlackElo "2000"]
[PlyCount "66"]
[EventDate "2018.05.25"]
[EventRounds "7"]
[EventCountry "ENG"]

1. e4 c5 2. Nf3 Nc6 3. d4 cxd4 4. Nxd4 Nf6 5. Nc3 e5 6. Ndb5 d6 7. Bg5 a6 8.
Na3 b5 9. Nd5 Be7 10. Bxf6 Bxf6 11. c4 b4 12. Nc2 a5 13. g3 O-O 14. h4 Be6 15.
Bh3 Rb8 16. b3 Qd7 17. Nxf6+ gxf6 18. g4 Kh8 19. Ne3 Nd4 20. f3 a4 21. Nc2 Nc6
22. Qd2 Rg8 23. Kf2 Na5 24. Rab1 Qa7+ 25. Qe3 Qc5 26. h5 Ra8 27. Rhc1 Nc6 28.
Rb2 Ra7 29. Bf1 Rga8 30. Bd3 axb3 31. axb3 Ra2 32. Rcb1 Kg7 33. Ke2 Qxe3+
 1/2-1/2

[Event "1st 4NCL Spring Bank Holiday Congress"]
[Site "Basingstoke"]
[Date "2018.05.26"]
[Round "3"]
[Board "16"]
[White "Gibson, Christopher A"]
[Black "Kopernicky, Martin"]
[Result "1-0"]
[WhiteElo "1912"]
[BlackElo "2057"]
[PlyCount "47"]
[EventDate "2018.05.25"]
[EventRounds "7"]
[EventCountry "ENG"]

1. e4 e5 2. Nf3 Nc6 3. Bc4 Bc5 4. b4 Bxb4 5. c3 Ba5 6. d4 d6 7. Qb3 Qd7 8. O-O
Bb6 9. Bb5 a6 10. Ba4 Ba7 11. Bxc6 Qxc6 12. Nbd2 Ne7 13. Ba3 Qd7 14. dxe5 dxe5
15. Ng5 Ng6 16. Rad1 c5 17. Nc4 Qc7 18. Nd6+ Kf8 19. Ndxf7 Ke7 20. Nxh8 Nxh8
21. Qg8 Kf6 22. Nxh7+ Kg6 23. Qxh8 b5 24. Rd8 1-0

[Event "1st 4NCL Spring Bank Holiday Congress"]
[Site "Basingstoke"]
[Date "2018.05.26"]
[Round "3"]
[Board "17"]
[White "Akeya-Price, Robert A"]
[Black "Dunn, Alan M"]
[Result "1/2-1/2"]
[WhiteElo "1760"]
[BlackElo "2028"]
[PlyCount "69"]
[EventDate "2018.05.25"]
[EventRounds "7"]
[EventCountry "ENG"]

1. d4 Nf6 2. c4 g6 3. Nc3 Bg7 4. e4 d6 5. Be2 O-O 6. Be3 e5 7. d5 a5 8. g4 Na6
9. h4 Nd7 10. Qd2 Ndc5 11. h5 a4 12. hxg6 fxg6 13. Nh3 a3 14. b3 c6 15. O-O-O
Qa5 16. Ng5 h6 17. Ne6 Bxe6 18. dxe6 g5 19. Na4 Qxd2+ 20. Rxd2 Nxe4 21. e7 Rf7
22. Rdd1 Nb4 23. Kb1 Re8 24. Rdg1 Rexe7 25. f3 b5 26. cxb5 cxb5 27. fxe4 bxa4
28. Bc4 d5 29. exd5 axb3 30. Bxb3 Bf6 31. d6 Rd7 32. Bxf7+ Kxf7 33. Bc5 Rb7 34.
Bxb4 Rxb4+ 35. Kc1 1/2-1/2

[Event "1st 4NCL Spring Bank Holiday Congress"]
[Site "Basingstoke"]
[Date "2018.05.26"]
[Round "3"]
[Board "18"]
[White "Moore, Geoffrey R"]
[Black "Graham, Cassie M"]
[Result "1/2-1/2"]
[WhiteElo "2011"]
[BlackElo "1853"]
[PlyCount "64"]
[EventDate "2018.05.25"]
[EventRounds "7"]
[EventCountry "ENG"]

1. e4 c5 2. Nf3 d6 3. Bb5+ Bd7 4. a4 Nc6 5. O-O g6 6. Re1 Bg7 7. c3 a6 8. Bf1
Nf6 9. d4 cxd4 10. cxd4 Bg4 11. Nc3 O-O 12. Be3 Rc8 13. Qb3 Nd7 14. Red1 Na5
15. Qa2 Nb6 16. d5 Nac4 17. Bd4 Ne5 18. Be2 Nxf3+ 19. gxf3 Bxd4 20. Rxd4 Bh3
21. Kh1 Nd7 22. Rg1 Qb6 23. Rdd1 Nf6 24. Rg3 Bd7 25. Kg1 Nh5 26. Rg5 h6 27. Rg2
Nf4 28. Qb1 Nh3+ 29. Kf1 Nf4 30. Kg1 Nh3+ 31. Kf1 Nf4 32. Kg1 Nh3+ 1/2-1/2

[Event "1st 4NCL Spring Bank Holiday Congress"]
[Site "Basingstoke"]
[Date "2018.05.26"]
[Round "3"]
[Board "19"]
[White "Munshi, Aditya"]
[Black "Kramaley, David"]
[Result "1-0"]
[WhiteElo "1971"]
[BlackElo "1819"]
[PlyCount "67"]
[EventDate "2018.05.25"]
[EventRounds "7"]
[EventCountry "ENG"]

1. e4 d5 2. exd5 Qxd5 3. Nc3 Qd8 4. d4 Nf6 5. Nf3 Bg4 6. h3 Bxf3 7. Qxf3 c6 8.
Be3 e6 9. O-O-O Bb4 10. Ne4 Nxe4 11. Qxe4 Qd5 12. Qxd5 cxd5 13. c4 dxc4 14.
Bxc4 Nd7 15. Kb1 Rc8 16. Rc1 O-O 17. d5 e5 18. Bxa7 Bc5 19. Bxc5 Nxc5 20. Rhe1
e4 21. b4 Nd3 22. Bxd3 exd3 23. Rxc8 Rxc8 24. Rc1 Rxc1+ 25. Kxc1 Kf8 26. Kd2
Ke7 27. Kxd3 b5 28. Kd4 Kd6 29. a3 f6 30. f4 f5 31. g4 g5 32. gxf5 gxf4 33. f6
f3 34. Ke3 1-0

[Event "1st 4NCL Spring Bank Holiday Congress"]
[Site "Basingstoke"]
[Date "2018.05.26"]
[Round "3"]
[Board "20"]
[White "Dilleigh, Stephen P"]
[Black "Ortiz Sanchez, Luis"]
[Result "1/2-1/2"]
[WhiteElo "2056"]
[BlackElo "1953"]
[PlyCount "120"]
[EventDate "2018.05.25"]
[EventRounds "7"]
[EventCountry "ENG"]

1. Nf3 c5 2. c4 Nc6 3. Nc3 Nf6 4. g3 d5 5. d4 cxd4 6. Nxd4 e6 7. Bg2 Bc5 8.
Nxc6 bxc6 9. O-O O-O 10. Qc2 Bd6 11. Rd1 Qe7 12. cxd5 cxd5 13. e4 Bb7 14. exd5
Nxd5 15. Nxd5 Bxd5 16. Bxd5 exd5 17. Be3 Rfc8 18. Qf5 Be5 19. Rxd5 Bxb2 20.
Rad1 g6 21. Qd3 Bf6 22. Rd7 Qe8 23. Bxa7 Rd8 24. Rxd8 Rxd8 25. Qb3 Rxd1+ 26.
Qxd1 Qe7 27. Be3 Bg5 28. Bxg5 Qxg5 29. Qf3 Qa5 30. a3 h5 31. h4 Qa4 32. Kh2 Qa7
33. Qe3 Qa4 34. Qc5 Kg7 35. Qb4 Qa7 36. Kg1 Qd7 37. a4 Qd1+ 38. Kh2 Qa1 39. a5
Qa2 40. Qb6 g5 41. hxg5 h4 42. gxh4 Qd2 43. Qf6+ Kg8 44. g6 fxg6 45. Qxg6+ Kh8
46. Qf6+ Kh7 47. a6 Qc2 48. Qf7+ Kh8 49. a7 Qc8 50. Qh5+ Kg7 51. Qe5+ Kh6 52.
Qf4+ Kg7 53. Qd4+ Kh6 54. Qd6+ Kg7 55. h5 Kh7 56. Qg6+ Kh8 57. Qf6+ Kh7 58.
Qf7+ Kh8 59. h6 Qh3+ 60. Kg1 Qf1+ 1/2-1/2

[Event "1st 4NCL Spring Bank Holiday Congress"]
[Site "Basingstoke"]
[Date "2018.05.27"]
[Round "4"]
[Board "1"]
[White "Nunn, John Dm"]
[Black "Jackson, James P"]
[Result "0-1"]
[WhiteElo "2579"]
[BlackElo "2364"]
[PlyCount "64"]
[EventDate "2018.05.25"]
[EventRounds "7"]
[EventCountry "ENG"]

1. e4 e5 2. Nf3 Nc6 3. Bc4 Nf6 4. Ng5 d5 5. exd5 Na5 6. Bb5+ c6 7. dxc6 bxc6 8.
Be2 h6 9. Nf3 e4 10. Ne5 Bd6 11. d4 exd3 12. Nxd3 O-O 13. O-O Qc7 14. g3 c5 15.
Bf3 Rb8 16. Nc3 Nc6 17. Nf4 Nd4 18. Ncd5 Qd8 19. Bg2 Bxf4 20. Bxf4 Rxb2 21. Bc7
Qxd5 22. Bxd5 Nxd5 23. Be5 Nc3 24. Qd3 Bf5 25. Qe3 Rxc2 26. Bxd4 cxd4 27. Qe5
Bh3 28. Rfd1 Rc8 29. Qh5 Nxd1 30. Qxh3 Nxf2 31. Qd7 d3 32. Rf1 d2 0-1

[Event "1st 4NCL Spring Bank Holiday Congress"]
[Site "Basingstoke"]
[Date "2018.05.27"]
[Round "4"]
[Board "2"]
[White "Pert, Nicholas"]
[Black "Golding, Alex"]
[Result "1-0"]
[WhiteElo "2543"]
[BlackElo "2224"]
[PlyCount "79"]
[EventDate "2018.05.25"]
[EventRounds "7"]
[EventCountry "ENG"]

1. d4 Nf6 2. Nf3 g6 3. g3 Bg7 4. Bg2 O-O 5. O-O d6 6. Nc3 c6 7. e4 Nfd7 8. Be3
b5 9. Qd2 Nb6 10. b3 Bg4 11. h3 Bxf3 12. Bxf3 Qd7 13. Bg2 Na6 14. a4 b4 15. Ne2
Rac8 16. Rad1 Rfd8 17. Bh6 e5 18. Bxg7 Kxg7 19. a5 Na8 20. dxe5 d5 21. Qd4 c5
22. Qxd5 Qe7 23. Qc4 Nb8 24. f4 Nc7 25. c3 a6 26. cxb4 cxb4 27. Rxd8 Rxd8 28.
Nd4 Qd7 29. Nf3 Nb5 30. Qxb4 Nc6 31. Qc5 Nxa5 32. b4 Nb3 33. Qe3 N3d4 34. Nxd4
Nxd4 35. f5 Kg8 36. Kh2 Qe7 37. e6 fxe6 38. f6 Qxb4 39. f7+ Kg7 40. Qg5 1-0

[Event "1st 4NCL Spring Bank Holiday Congress"]
[Site "Basingstoke"]
[Date "2018.05.27"]
[Round "4"]
[Board "3"]
[White "Graham, David B"]
[Black "Merry, Alan B"]
[Result "1-0"]
[WhiteElo "2150"]
[BlackElo "2439"]
[PlyCount "91"]
[EventDate "2018.05.25"]
[EventRounds "7"]
[EventCountry "ENG"]

1. e4 e6 2. d4 d5 3. Nd2 Nf6 4. e5 Nfd7 5. Bd3 c5 6. c3 Nc6 7. Ne2 b6 8. O-O
Bb7 9. f4 g6 10. Nf3 Qc8 11. f5 exf5 12. Bg5 Be7 13. Nf4 Nd8 14. Bxe7 Kxe7 15.
Qe1 Ne6 16. Qh4+ Ke8 17. Nxe6 fxe6 18. Qh6 Qd8 19. Qg7 Rf8 20. Qxh7 Qe7 21.
Qxg6+ Kd8 22. Ng5 Re8 23. Rf3 Kc7 24. Rh3 Nf8 25. Qf6 Rac8 26. Re1 cxd4 27.
Qxe7+ Rxe7 28. cxd4 Rg7 29. Rc1+ Bc6 30. Rh5 Kb7 31. h4 Re8 32. Rh8 Bd7 33. Kf2
a5 34. a4 Rb8 35. Bb5 Re7 36. Bxd7 Nxd7 37. Rxb8+ Nxb8 38. h5 Nc6 39. h6 Nd8
40. Kf3 Re8 41. g4 Nc6 42. Rxc6 Kxc6 43. gxf5 Kd7 44. Nxe6 Rh8 45. h7 Ke7 46.
Ng5 1-0

[Event "1st 4NCL Spring Bank Holiday Congress"]
[Site "Basingstoke"]
[Date "2018.05.27"]
[Round "4"]
[Board "4"]
[White "Colovic, Aleksandar"]
[Black "Amato, Giampiero"]
[Result "1-0"]
[WhiteElo "2440"]
[BlackElo "2075"]
[PlyCount "53"]
[EventDate "2018.05.25"]
[EventRounds "7"]
[EventCountry "ENG"]

1. e4 e5 2. Nf3 Nf6 3. Nxe5 d6 4. Nf3 Nxe4 5. Nc3 Nxc3 6. dxc3 Be7 7. Be3 Nc6
8. Qd2 Be6 9. O-O-O Qd7 10. h4 a6 11. Ng5 Bxg5 12. hxg5 O-O-O 13. c4 f6 14.
gxf6 gxf6 15. Qc3 Qf7 16. c5 dxc5 17. Rxd8+ Rxd8 18. Qxc5 Qd7 19. Bd3 f5 20.
Rh6 Kb8 21. Bf4 Rg8 22. Rf6 b6 23. Qxb6+ Kc8 24. Bxa6+ Kd8 25. Qc5 Qe7 26.
Qxe7+ Kxe7 27. Rxe6+ 1-0

[Event "1st 4NCL Spring Bank Holiday Congress"]
[Site "Basingstoke"]
[Date "2018.05.27"]
[Round "4"]
[Board "5"]
[White "Bukojemski, Adam"]
[Black "Bates, Richard A"]
[Result "1-0"]
[WhiteElo "2194"]
[BlackElo "2371"]
[PlyCount "109"]
[EventDate "2018.05.25"]
[EventRounds "7"]
[EventCountry "ENG"]

1. e4 c5 2. Nf3 d6 3. Bb5+ Nd7 4. O-O Ngf6 5. Re1 a6 6. Bd3 Qc7 7. c3 b5 8. Bc2
Bb7 9. d3 g6 10. Bg5 Bg7 11. Qc1 h6 12. Bd2 Nb6 13. a4 Nxa4 14. Bxa4 bxa4 15.
c4 e6 16. Nc3 Kf8 17. Nxa4 Kg8 18. Bc3 Kh7 19. Qf4 e5 20. Qd2 a5 21. Kh1 Nh5
22. Ng1 Rhf8 23. b3 Bf6 24. Qd1 Bc6 25. Bd2 Nf4 26. Be3 Bg7 27. Nc3 f5 28. Nd5
Nxd5 29. cxd5 Bd7 30. Bd2 Qb6 31. f3 Qb5 32. Qc2 Rfb8 33. Reb1 Qb6 34. h3 Qd8
35. Ne2 f4 36. Nc3 g5 37. Kg1 h5 38. Kf2 Bh6 39. Ke2 Rb7 40. Nd1 g4 41. hxg4
hxg4 42. Nb2 Qg5 43. Be1 gxf3+ 44. gxf3 Qg2+ 45. Bf2 Bg4 46. Rg1 Qxf3+ 47. Ke1
Rxb3 48. Rxg4 Rab8 49. Qd1 Qh3 50. Rh4 Qg2 51. Qh5 Qg6 52. Nc4 Rxd3 53. Qxg6+
Kxg6 54. Nxd6 Rb2 55. Nc4 1-0

[Event "1st 4NCL Spring Bank Holiday Congress"]
[Site "Basingstoke"]
[Date "2018.05.27"]
[Round "4"]
[Board "6"]
[White "Sowray, Peter J"]
[Black "Moore, Gerald"]
[Result "1-0"]
[WhiteElo "2365"]
[BlackElo "2064"]
[PlyCount "55"]
[EventDate "2018.05.25"]
[EventRounds "7"]
[EventCountry "ENG"]

1. e4 g6 2. d4 Bg7 3. Nc3 d6 4. f4 Nf6 5. Nf3 O-O 6. e5 dxe5 7. fxe5 Nd5 8. Bc4
Be6 9. Nxd5 Bxd5 10. Bxd5 Qxd5 11. Qe2 c5 12. c4 Qd7 13. d5 e6 14. d6 f6 15.
exf6 Bxf6 16. Bh6 Rf7 17. O-O-O Nc6 18. Rhe1 Re8 19. Rd5 b6 20. Qe4 e5 21. a3
Re6 22. Red1 Nd4 23. Nxe5 Qa4 24. d7 Bd8 25. R5xd4 cxd4 26. Qa8 Rxd7 27. Rf1
Re8 28. Qf3 1-0

[Event "1st 4NCL Spring Bank Holiday Congress"]
[Site "Basingstoke"]
[Date "2018.05.27"]
[Round "4"]
[Board "7"]
[White "Willmoth, Robert F"]
[Black "O'Gorman, Tom"]
[Result "0-1"]
[WhiteElo "2186"]
[BlackElo "2255"]
[PlyCount "70"]
[EventDate "2018.05.25"]
[EventRounds "7"]
[EventCountry "ENG"]

1. d4 Nf6 2. Nf3 g6 3. Bf4 Bg7 4. e3 O-O 5. Be2 d6 6. h3 Nbd7 7. Bh2 c5 8. c3
b6 9. O-O Bb7 10. a4 a6 11. Nbd2 Ra7 12. b4 Qa8 13. Qb3 Rc8 14. Rfb1 Ne4 15.
Nxe4 Bxe4 16. Ng5 Bd5 17. Bc4 Nf6 18. bxc5 bxc5 19. dxc5 h6 20. Nxf7 Bxc4 21.
Qxc4 d5 22. Nxh6+ Bxh6 23. Qd3 Kh7 24. Be5 Nd7 25. Bf4 Nxc5 26. Qe2 Bxf4 27.
exf4 Qc6 28. f5 Ne4 29. fxg6+ Qxg6 30. Qe3 Rg8 31. g4 Rc7 32. Rb6 e6 33. f3
Rxc3 34. Qe1 Rxf3 35. Qh4+ Qh6 0-1

[Event "1st 4NCL Spring Bank Holiday Congress"]
[Site "Basingstoke"]
[Date "2018.05.27"]
[Round "4"]
[Board "8"]
[White "Jones, Steven A"]
[Black "Ahluwalia, Amardip"]
[Result "1-0"]
[WhiteElo "2225"]
[BlackElo "2019"]
[PlyCount "131"]
[EventDate "2018.05.25"]
[EventRounds "7"]
[EventCountry "ENG"]

1. e4 e5 2. Nf3 Nc6 3. Bc4 Bc5 4. c3 Nf6 5. d4 exd4 6. e5 d5 7. Bb5 Ne4 8. cxd4
Bb4+ 9. Bd2 Nxd2 10. Nbxd2 O-O 11. Bxc6 bxc6 12. O-O c5 13. dxc5 Bxc5 14. Nb3
Bb6 15. Rc1 Bf5 16. Nfd4 Bd7 17. Qf3 Re8 18. Qxd5 Be6 19. Qxd8 Raxd8 20. Nc6
Rd7 21. Nc5 Rd2 22. Nxe6 Rxe6 23. a4 a5 24. b4 Rd5 25. bxa5 Bxa5 26. f4 g6 27.
Nxa5 Rxa5 28. Rc4 Rea6 29. Ra1 Kf8 30. Kf2 c6 31. Kf3 Ke7 32. g4 f6 33. exf6+
Kxf6 34. Rac1 Rxa4 35. Rxa4 Rxa4 36. Rxc6+ Kg7 37. Rc7+ Kg8 38. h4 Ra3+ 39. Ke4
Ra4+ 40. Ke5 Ra5+ 41. Kf6 Ra6+ 42. Kg5 Ra4 43. Re7 Rb4 44. Ra7 Rc4 45. h5 gxh5
46. gxh5 h6+ 47. Kf5 Rc5+ 48. Ke6 Rc6+ 49. Kd5 Rb6 50. Rc7 Rb5+ 51. Rc5 Rb6 52.
Ke5 Ra6 53. Kf5 Rb6 54. Ra5 Rc6 55. Ra7 Rc5+ 56. Ke6 Rc6+ 57. Kd5 Rb6 58. Re7
Rb5+ 59. Ke6 Rb6+ 60. Kf5 Ra6 61. Re6 Ra5+ 62. Kg6 Kf8 63. Rb6 Rc5 64. f5 Rc1
65. Rb8+ Ke7 66. f6+ 1-0

[Event "1st 4NCL Spring Bank Holiday Congress"]
[Site "Basingstoke"]
[Date "2018.05.27"]
[Round "4"]
[Board "9"]
[White "Villiers, Thomas"]
[Black "Gibson, Christopher A"]
[Result "1-0"]
[WhiteElo "2195"]
[BlackElo "1912"]
[PlyCount "93"]
[EventDate "2018.05.25"]
[EventRounds "7"]
[EventCountry "ENG"]

1. c4 Nf6 2. Nc3 g6 3. g3 Bg7 4. Bg2 O-O 5. e4 d6 6. Nge2 c5 7. O-O Nc6 8. d3
a6 9. h3 Rb8 10. f4 Nd7 11. a4 e6 12. Be3 Nd4 13. Rb1 b5 14. axb5 axb5 15. Bxd4
Bxd4+ 16. Nxd4 cxd4 17. Nxb5 Qb6 18. b4 e5 19. Qa4 Bb7 20. Qa7 Qc6 21. Qa2 Qb6
22. Kh2 Ra8 23. Qd2 Ba6 24. Na3 Bb7 25. Ra1 f5 26. exf5 Bxg2 27. Qxg2 Qxb4 28.
Nc2 Qb8 29. Rfb1 Qd8 30. Qd5+ Kh8 31. Qxd6 Rxa1 32. Rxa1 exf4 33. Qxd4+ Nf6 34.
gxf4 Qxd4 35. Nxd4 gxf5 36. Ne6 Re8 37. Ra6 Nh5 38. d4 Kg8 39. d5 Rc8 40. c5
Nf6 41. d6 Kf7 42. Ng5+ Ke8 43. c6 h6 44. Nh7 Nxh7 45. d7+ Kd8 46. dxc8=Q+ Kxc8
47. Ra8+ 1-0

[Event "1st 4NCL Spring Bank Holiday Congress"]
[Site "Basingstoke"]
[Date "2018.05.27"]
[Round "4"]
[Board "10"]
[White "Jamroz, Krzysztof"]
[Black "Tozer, Philip Aa"]
[Result "1/2-1/2"]
[WhiteElo "2000"]
[BlackElo "2171"]
[PlyCount "66"]
[EventDate "2018.05.25"]
[EventRounds "7"]
[EventCountry "ENG"]

1. e4 e6 2. d4 d5 3. Bd3 dxe4 4. Bxe4 Nf6 5. Bf3 c5 6. Ne2 Nc6 7. Be3 cxd4 8.
Nxd4 Ne5 9. Nc3 Bb4 10. Ndb5 Qa5 11. Nd6+ Ke7 12. Nxc8+ Raxc8 13. O-O Rhd8 14.
Qe2 Nxf3+ 15. Qxf3 Bxc3 16. bxc3 Qd5 17. Qf4 Qe4 18. Qxe4 Nxe4 19. Bxa7 Nxc3
20. a4 Rd2 21. a5 Rc6 22. f3 Rxc2 23. Rf2 e5 24. Bb6 Ke6 25. Ra3 Ra2 26. Rb3
Kd5 27. Be3 Rxa5 28. Rxb7 Ke6 29. Ra7 Ra4 30. Rb2 Rac4 31. Rc2 Kd5 32. Rd2+ Ke6
33. Rc2 Kd5 1/2-1/2

[Event "1st 4NCL Spring Bank Holiday Congress"]
[Site "Basingstoke"]
[Date "2018.05.27"]
[Round "4"]
[Board "11"]
[White "Stewart, Ashley"]
[Black "Isaksen, Peter A"]
[Result "1-0"]
[WhiteElo "2166"]
[BlackElo "1813"]
[PlyCount "150"]
[EventDate "2018.05.25"]
[EventRounds "7"]
[EventCountry "ENG"]

1. c4 Nf6 2. g3 e5 3. Bg2 c6 4. Nf3 e4 5. Nd4 d5 6. d3 exd3 7. Qxd3 dxc4 8.
Qxc4 Be7 9. O-O O-O 10. Nc3 Nbd7 11. Rd1 Nb6 12. Qb3 Nfd5 13. Nxd5 cxd5 14. Bf4
Be6 15. Rac1 Bd6 16. Bxd6 Qxd6 17. e3 Rac8 18. Qd3 Rxc1 19. Rxc1 Rc8 20. Rxc8+
Bxc8 21. Ne2 h6 22. Qd4 Be6 23. Nc3 Qc7 24. Qe5 Kh7 25. Qd4 Kg8 26. a4 Qc6 27.
b3 a5 28. e4 Bd7 29. exd5 Qd6 30. Ne4 Qg6 31. h4 Nc8 32. Qd2 b6 33. Qf4 f5 34.
Nd2 Qe8 35. Qe3 b5 36. axb5 Qxe3 37. fxe3 Bxb5 38. Kf2 Kf7 39. h5 Kf6 40. Nf3
a4 41. bxa4 Bxa4 42. Nd4 Nd6 43. Bf3 Be8 44. Ne6 Bf7 45. Nf4 Ke5 46. Nd3+ Kf6
47. Nf4 Nc4 48. Bd1 Ke5 49. Bb3 Nd2 50. Ba2 Ne4+ 51. Kg2 Nc3 52. d6 Be8 53. Bf7
Bc6+ 54. Kh3 Ne4 55. Bg6 Kxd6 56. Bxf5 Ng5+ 57. Kh2 Ke5 58. Bd3 Kf6 59. g4 Nf3+
60. Kg3 Ne5 61. Bf5 Bf3 62. Bc8 Bd1 63. Bf5 Nc4 64. e4 Nd2 65. Ne6 Bc2 66. Nc5
Kg5 67. Ne6+ Kf6 68. e5+ Kxe5 69. Nxg7 Bxf5 70. Nxf5 Ne4+ 71. Kh4 Kf6 72. Nxh6
Nd6 73. g5+ Kg7 74. Kg4 Kh7 75. Nf5 Kg8 1-0

[Event "1st 4NCL Spring Bank Holiday Congress"]
[Site "Basingstoke"]
[Date "2018.05.27"]
[Round "4"]
[Board "12"]
[White "Munshi, Aditya"]
[Black "Burrows, Martin P"]
[Result "0-1"]
[WhiteElo "1971"]
[BlackElo "2110"]
[PlyCount "42"]
[EventDate "2018.05.25"]
[EventRounds "7"]
[EventCountry "ENG"]

1. e4 e6 2. d4 d5 3. Nd2 Nf6 4. e5 Nfd7 5. Bd3 c5 6. c3 Nc6 7. Ne2 cxd4 8. cxd4
f6 9. exf6 Nxf6 10. Nf3 Qc7 11. O-O Bd6 12. Nc3 a6 13. Bd2 O-O 14. Rc1 h6 15.
Re1 Ng4 16. h3 Bh2+ 17. Kf1 Nxf2 18. Kxf2 Qg3+ 19. Kf1 e5 20. Re3 Bxh3 21. gxh3
Qg1+ 0-1

[Event "1st 4NCL Spring Bank Holiday Congress"]
[Site "Basingstoke"]
[Date "2018.05.27"]
[Round "4"]
[Board "13"]
[White "Rushbrooke, Remy"]
[Black "Ratnesan, Ranesh"]
[Result "0-1"]
[WhiteElo "1842"]
[BlackElo "2039"]
[PlyCount "114"]
[EventDate "2018.05.25"]
[EventRounds "7"]
[EventCountry "ENG"]

1. Nf3 Nf6 2. g3 g6 3. d4 Bg7 4. Bg2 O-O 5. c4 d6 6. Nc3 c6 7. e4 Qb6 8. O-O
Nbd7 9. h3 e5 10. c5 dxc5 11. dxe5 Ne8 12. Na4 Qb4 13. Bd2 Qb5 14. Nc3 Qb6 15.
Na4 Qa6 16. e6 fxe6 17. Ng5 Nc7 18. Rc1 c4 19. Bc3 Bxc3 20. Nxc3 Qa5 21. h4 h6
22. Nh3 Ne5 23. h5 Nd3 24. hxg6 e5 25. Qh5 Kg7 26. Rc2 Ne6 27. Qh4 Qd8 28. Qxd8
Nxd8 29. f4 Bxh3 30. Bxh3 exf4 31. gxf4 Rxf4 32. Bf5 Rxf1+ 33. Kxf1 b5 34. Ne2
c5 35. Ng3 Nf4 36. Rd2 Nde6 37. Rd7+ Kf6 38. Rf7+ Ke5 39. Re7 Kf6 40. Rf7+ Ke5
41. Re7 Kd6 42. Rf7 a5 43. Ne2 Rg8 44. Ra7 a4 45. Ra6+ Ke5 46. Nxf4 Nxf4 47.
Ra5 Nxg6 48. Rxb5 Kd4 49. Rb6 Ne5 50. Rxh6 Ke3 51. Rh3+ Nf3 52. Rh1 a3 53. bxa3
c3 54. e5 Nxe5 55. Ke1 Rd8 56. Rh3+ Nf3+ 57. Kf1 Rd1+ 0-1

[Event "1st 4NCL Spring Bank Holiday Congress"]
[Site "Basingstoke"]
[Date "2018.05.27"]
[Round "4"]
[Board "14"]
[White "Kramaley, David"]
[Black "Benson, Paul J"]
[Result "1/2-1/2"]
[WhiteElo "1819"]
[BlackElo "1988"]
[PlyCount "80"]
[EventDate "2018.05.25"]
[EventRounds "7"]
[EventCountry "ENG"]

1. d4 f5 2. g3 g6 3. Bg2 Bg7 4. Nf3 Nf6 5. O-O O-O 6. c4 d6 7. e3 Nc6 8. b3 e5
9. dxe5 Ng4 10. Ba3 Ngxe5 11. Nd4 f4 12. gxf4 Nxd4 13. exd4 Nc6 14. Bxc6 bxc6
15. Bc1 c5 16. Be3 Qf6 17. Nc3 Bb7 18. Nd5 Bxd5 19. cxd5 cxd4 20. Bd2 Qf5 21.
Rc1 Rac8 22. Qf3 g5 23. Rc6 gxf4 24. Rfc1 Rf7 25. Ba5 d3 26. Rd1 Be5 27. Kh1
Rg7 28. Rxd3 Kh8 29. Rd1 Qg6 30. h3 Qf5 31. Rcc1 Rg6 32. Rg1 Rcg8 33. Rxg6 Rxg6
34. Kh2 Rh6 35. Bc3 Rf6 36. Bxe5 dxe5 37. Qg4 Qxg4 38. hxg4 Rf7 39. f3 Rd7 40.
Rc5 Kg7 1/2-1/2

[Event "1st 4NCL Spring Bank Holiday Congress"]
[Site "Basingstoke"]
[Date "2018.05.27"]
[Round "4"]
[Board "15"]
[White "Prior, Stephen Cv"]
[Black "Makkar, Rajat"]
[Result "1-0"]
[WhiteElo "2014"]
[BlackElo "1811"]
[PlyCount "103"]
[EventDate "2018.05.25"]
[EventRounds "7"]
[EventCountry "ENG"]

1. d4 Nf6 2. Bf4 e6 3. e3 c5 4. c3 b6 5. Nf3 Bb7 6. Nbd2 cxd4 7. exd4 Be7 8.
Bd3 O-O 9. O-O d6 10. Re1 Nbd7 11. Nc4 Qc7 12. h3 a6 13. Ne3 Ne4 14. d5 Ndc5
15. Bc2 Qd7 16. c4 e5 17. Bh2 f5 18. Nxf5 Qxf5 19. b4 Qf7 20. Bxe4 Nxe4 21.
Rxe4 b5 22. Bg3 bxc4 23. Rxc4 Bxd5 24. Rc7 Qe6 25. Rxe7 Qxe7 26. Qxd5+ Kh8 27.
Rd1 h6 28. Qxd6 Qxd6 29. Rxd6 Rf6 30. Bxe5 Rxd6 31. Bxd6 Rd8 32. Bc7 Rd1+ 33.
Kh2 Ra1 34. Ne5 Rxa2 35. Kg3 g5 36. Nd7 Ra4 37. Ba5 Ra3+ 38. f3 Rd3 39. Nc5 Rd6
40. h4 Kg7 41. hxg5 hxg5 42. Ne4 Rd5 43. Kg4 Kg6 44. Bb6 Rf5 45. Be3 Rb5 46.
Bd2 Rd5 47. Bxg5 Rd4 48. Bd2 Rc4 49. Kf4 Rd4 50. g4 Rd5 51. Ke3 Rd8 52. f4 1-0

[Event "1st 4NCL Spring Bank Holiday Congress"]
[Site "Basingstoke"]
[Date "2018.05.27"]
[Round "4"]
[Board "16"]
[White "Ortiz Sanchez, Luis"]
[Black "Merriman, John"]
[Result "0-1"]
[WhiteElo "1953"]
[BlackElo "2270"]
[PlyCount "32"]
[EventDate "2018.05.25"]
[EventRounds "7"]
[EventCountry "ENG"]

1. c4 e5 2. Nc3 c5 3. g3 Nc6 4. Bg2 g6 5. a3 d6 6. d3 Bg7 7. Nf3 Nge7 8. h4 h6
9. Rb1 a5 10. Nh2 Be6 11. Bd2 d5 12. Qb3 dxc4 13. Qxb7 O-O 14. Qb5 Nd4 15. Qa4
cxd3 16. exd3 Bb3 0-1

[Event "1st 4NCL Spring Bank Holiday Congress"]
[Site "Basingstoke"]
[Date "2018.05.27"]
[Round "4"]
[Board "17"]
[White "Niedbal, Piotr"]
[Black "Chapman, Matt"]
[Result "1/2-1/2"]
[WhiteElo "1907"]
[BlackElo "2087"]
[PlyCount "74"]
[EventDate "2018.05.25"]
[EventRounds "7"]
[EventCountry "ENG"]

1. e4 c6 2. d4 d5 3. e5 Bf5 4. h4 h6 5. g4 Bd7 6. f4 e6 7. Nf3 c5 8. c3 Nc6 9.
Kf2 h5 10. g5 cxd4 11. cxd4 Nge7 12. Nc3 a6 13. Rh2 Rc8 14. Bd3 g6 15. Bd2 Na7
16. Rc1 Qb6 17. b3 Nb5 18. Na4 Qa7 19. Be3 Nc6 20. Bb1 Ba3 21. Rc2 O-O 22. Kg3
Ne7 23. Kh3 Bb4 24. Rxc8 Rxc8 25. Rc2 Rxc2 26. Bxc2 Na3 27. Nc5 b6 28. Nd3 Nxc2
29. Qxc2 Ba3 30. Bc1 Bxc1 31. Nxc1 a5 32. Ne2 b5 33. a3 Kf8 34. Kg2 b4 35. a4
Bc8 36. Kf2 Ba6 37. Ng3 Kg7 1/2-1/2

[Event "1st 4NCL Spring Bank Holiday Congress"]
[Site "Basingstoke"]
[Date "2018.05.27"]
[Round "4"]
[Board "18"]
[White "Dunn, Alan M"]
[Black "Tombolis, Christopher"]
[Result "0-1"]
[WhiteElo "2028"]
[BlackElo "1864"]
[PlyCount "86"]
[EventDate "2018.05.25"]
[EventRounds "7"]
[EventCountry "ENG"]

1. d4 d5 2. Bf4 Nf6 3. e3 c5 4. Nd2 Nc6 5. c3 Bf5 6. Ngf3 e6 7. Bb5 Qb6 8. Qa4
Nd7 9. Nh4 Bc2 10. Qxc2 Qxb5 11. Nhf3 Rc8 12. Qb3 Qa6 13. a4 b6 14. Qb5 Qb7 15.
O-O c4 16. a5 a6 17. Qa4 b5 18. Qa2 Be7 19. Rfe1 f5 20. Ng5 Bxg5 21. Bxg5 h6
22. Bh4 g5 23. Bg3 O-O 24. f3 e5 25. b3 exd4 26. exd4 b4 27. Rac1 bxc3 28. Rxc3
Qb4 29. Rcc1 c3 30. Nb1 Nxd4 31. Bf2 Nxb3 32. Re7 Nf6 33. Qe2 Nxc1 34. Qe6+ Kh8
35. Rf7 Ne2+ 36. Kf1 Qxb1+ 37. Be1 Ng3+ 38. hxg3 Qd3+ 39. Kg1 Rxf7 40. Qxf7
Qd4+ 41. Bf2 Qe5 42. f4 c2 43. Kh2 Ng4+ 0-1

[Event "1st 4NCL Spring Bank Holiday Congress"]
[Site "Basingstoke"]
[Date "2018.05.27"]
[Round "4"]
[Board "19"]
[White "Yoon, Jacob D"]
[Black "Akeya-Price, Robert A"]
[Result "1/2-1/2"]
[WhiteElo "2022"]
[BlackElo "1760"]
[PlyCount "76"]
[EventDate "2018.05.25"]
[EventRounds "7"]
[EventCountry "ENG"]

1. e4 c6 2. Nc3 d5 3. Nf3 Bg4 4. h3 Bxf3 5. Qxf3 e6 6. d3 Nf6 7. g3 Be7 8. Bg2
a5 9. Ne2 Nbd7 10. Qe3 Qb6 11. Qxb6 Nxb6 12. Be3 Nbd7 13. f4 dxe4 14. dxe4 e5
15. O-O-O O-O 16. Rd3 Bc5 17. Bd2 Rfe8 18. Bc3 Bd6 19. fxe5 Nxe5 20. Bxe5 Rxe5
21. Nc3 Rd8 22. Rhd1 Rde8 23. Bf3 Bc7 24. a4 R5e7 25. g4 h6 26. Kb1 Be5 27. Ne2
Bc7 28. Rb3 Bb8 29. Nd4 g6 30. Bg2 Ba7 31. c3 Rd7 32. Re1 Bxd4 33. cxd4 Rxd4
34. Rxb7 Nxe4 35. Bxe4 Rexe4 36. Rf1 Rf4 37. Rc1 Rc4 38. Rxc4 Rxc4 1/2-1/2